00400 a2200121 4500001001000000005001700010008004100027245008500068100002700153700002900180773005200209999001700261ART_2494820260410161933.0260409a 10aLa devaluación del franco como instrumento de política monetaria y cambiaria1 aCarbonell Tur, Antonio1 aPérez Lamela, Héctor0 tInformeg- Año I, Nº 3 (sep. 1969)wREV23765 c28766d28766